Компьютерное моделирование процесса получения ультрадисперсных порошков оксидов металлов из растворов солей в условиях плазмы ВЧ-разрядов; Теоретические и прикладные вопросы современных информационных технологий; Ч. 1

Bibliografske podrobnosti
Parent link:Теоретические и прикладные вопросы современных информационных технологий: материалы второй Всероссийской научно-технической конференции, Улан-Удэ, 18-22 сентября 2001 г..— , 2001
Ч. 1.— 2001.— С. 47-48
Glavni avtor: Власов В. А. Виктор Алексеевич
Drugi avtorji: Сосновский С. А., Тихомиров И. А. Иван Арсентьевич
Izvleček:В фонде НТБ ТПУ отсутствует
Jezik:ruščina
Izdano: 2001
Teme:
Format: MixedMaterials Book Chapter
KOHA link:https://koha.lib.tpu.ru/cgi-bin/koha/opac-detail.pl?biblionumber=596215

MARC

LEADER 00000naa0a2200000 4500
001 596215
005 20250327113343.0
035 |a (RuTPU)RU\TPU\tpu\18329 
035 |a RU\TPU\tpu\17993 
090 |a 596215 
100 |a 20101026d2001 k y0rusy50 ca 
101 0 |a rus 
102 |a RU 
200 1 |a Компьютерное моделирование процесса получения ультрадисперсных порошков оксидов металлов из растворов солей в условиях плазмы ВЧ-разрядов  |f В. А. Власов, С. А. Сосновский, И. А. Тихомиров 
333 |a В фонде НТБ ТПУ отсутствует 
461 |t Теоретические и прикладные вопросы современных информационных технологий  |o материалы второй Всероссийской научно-технической конференции, Улан-Удэ, 18-22 сентября 2001 г.  |d 2001 
463 |t Ч. 1  |v С. 47-48  |d 2001 
610 1 |a труды учёных ТПУ 
700 1 |a Власов  |b В. А.  |c российский ученый в области физики и химии плазмы, молекулярной физики  |c профессор Томского политехнического университета  |f 1958-  |g Виктор Алексеевич  |3 (RuTPU)RU\TPU\pers\26576  |4 070 
701 1 |a Сосновский  |b С. А.  |4 070 
701 1 |a Тихомиров  |b И. А.  |c российский физик  |c доктор физико-математических наук, профессор Томского политехнического университета  |f 1921-2010  |g Иван Арсентьевич  |3 (RuTPU)RU\TPU\pers\18334  |4 070 
801 1 |a RU  |b 63413507  |c 20100128 
801 2 |a RU  |b 63413507  |c 20130325  |g RCR 
942 |c BK